|
|
|
|
| LEADER |
00598cam a2200157 7i4500 |
| 001 |
0000028627 |
| 005 |
20121112090000.0 |
| 022 |
0 |
0 |
|a 02196956
|
| 090 |
0 |
0 |
|a SING 338.4767025
|b DIR
|
| 245 |
0 |
0 |
|a Directory of certified companies in Singapore 2011/ 2012.
|
| 260 |
0 |
0 |
|a Singapore:
|b Marshall Cavendish Business Information,
|c 2011.
|
| 300 |
# |
# |
|a 464 p.
|
| 650 |
0 |
0 |
|a Corporations --
|x Certification --
|x Directories --
|z Singapore
|
| 650 |
0 |
0 |
|a Manufacturing industries --
|x Certification --
|x Directories --
|z Singapore
|
| 651 |
0 |
0 |
|a Singapore
|
| 999 |
|
|
|a 0000030405
|b Directories
|c Countries
|e Business Information Centre
|